La Clasificación Decimal (Record no. 89675)

MARC details
000 -LEADER
campo de control de longitud fija 01037nam a2200229 i 4500
001 - NÚMERO DE CONTROL
campo de control 89675
003 - IDENTIFICADOR DE NÚMERO DE CONTROL
campo de control ES-MaACL
005 - FECHA Y HORA DE LA ÚLTIMA TRANSACCIÓN
campo de control 20250307094647.0
007 - CAMPO FIJO DE DESCRIPCIÓN FÍSICA--INFORMACIÓN GENERAL
campo de control de longitud fija t|
008 - DATOS DE LONGITUD FIJA--INFORMACIÓN GENERAL
campo de control de longitud fija 050112s1942 sp |||| | spa d
100 1# - ENTRADA PRINCIPAL--NOMBRE DE PERSONA
Nombre de persona Lasso de la Vega Jiménez-Placer, Javier,
Fechas asociadas al nombre 1892-1990
9 (RLIN) 70478
245 13 - MENCIÓN DEL TÍTULO
Título La Clasificación Decimal
Resto del título : traducción abreviada utilizable en bibliotecas de hasta 500000 volúmenes, precedida de una introducción sobre el concepto y misión de la biblioteca en el momento actual, una reseña histórica de las principales clasificaciones científicas y la exposición del sistema /
Mención de responsabilidad, etc. por Javier Lasso de la Vega y Jiménez-Placer.
260 ## - PUBLICACIÓN, DISTRIBUCIÓN, ETC.
Lugar de publicación, distribución, etc. San Sebastián :
Nombre del editor, distribuidor, etc. Editorial Internacional,
Fecha de publicación, distribución, etc. 1942 (
Lugar de fabricación/manufactura Madrid :
Fabricante Gráf. Universal)
300 ## - DESCRIPCIÓN FÍSICA
Extensión CXLIV, 385 p. ;
Dimensiones 23 cm.
500 ## - NOTA GENERAL
Nota general Índices.
650 #4 - PUNTO DE ACCESO ADICIONAL DE MATERIA--TÉRMINO DE MATERIA
Término de materia o nombre geográfico como elemento de entrada Clasificación decimal.
9 (RLIN) 165439
852 ## - LOCALIZACIÓN
Ubicación ES-MaACL
Número de control de estantería A-1756
852 ## - LOCALIZACIÓN
Ubicación ES-MaACL
Número de control de estantería D-5947
852 ## - LOCALIZACIÓN
Ubicación ES-MaACL
Número de control de estantería G-16068
itemnumber 92963
Ubicación en estantería Depósito 2
Donativo/Legado Donación
942 ## - ELEMENTOS DE ENTRADA SECUNDARIOS (KOHA)
Fuente del sistema de clasificación o colocación Clasificación decimal universal
Holdings
Estatus retirado Estado de pérdida Fuente del sistema de clasificación o colocación Estado de daño No para préstamo Colección Biblioteca de origen Biblioteca actual Ubicación en estantería Fecha de adquisición Total de préstamos Signatura topográfica completa Código de barras Visto por última vez Precio de reemplazo Tipo de ítem Koha Fuente de adquisición
    Clasificación decimal universal     Biblioteca profesional Biblioteca del Ateneo de Madrid Biblioteca del Ateneo de Madrid Depósito 2 17/01/2008   G-16068 1093655 23/02/2023 23/02/2023 Libro impreso  
            Biblioteca del Ateneo de Madrid Biblioteca del Ateneo de Madrid Sala Pecera Planta 1 17/01/2008   A-1756 1093653 23/02/2023 23/02/2023 Libro impreso  
            Biblioteca del Ateneo de Madrid Biblioteca del Ateneo de Madrid Sala Valle Inclán 17/01/2008   D-5947 901093654 23/02/2023 23/02/2023 Libro impreso